The student writer : Editor and critic

Written with the kind of supportive tone found in a writing workshop, this three-in-one rhetoric/reader/handbook puts students in control of developing their own writing processes by teaching them how to become astute critics and editors of their work. Now in full-color, the sixth edition of The Stu...

সম্পূর্ণ বিবরণ

সংরক্ষণ করুন:
গ্রন্থ-পঞ্জীর বিবরন
প্রধান লেখক: Clouse, Barbara Fine
বিন্যাস: গ্রন্থ
ভাষা:Undetermined
প্রকাশিত: Boston McGraw-Hill 2004
বিষয়গুলি:
ট্যাগগুলো: ট্যাগ যুক্ত করুন
কোনো ট্যাগ নেই, প্রথমজন হিসাবে ট্যাগ করুন!
Thư viện lưu trữ: Trung tâm Học liệu Trường Đại học Cần Thơ
LEADER 01094nam a2200217Ia 4500
001 CTU_140359
008 210402s9999 xx 000 0 und d
082 |a 808.042 
082 |b C647 
100 |a Clouse, Barbara Fine 
245 4 |a The student writer : 
245 0 |b Editor and critic 
245 0 |c Barbara Fine Clouse 
260 |a Boston 
260 |b McGraw-Hill 
260 |c 2004 
520 |a Written with the kind of supportive tone found in a writing workshop, this three-in-one rhetoric/reader/handbook puts students in control of developing their own writing processes by teaching them how to become astute critics and editors of their work. Now in full-color, the sixth edition of The Student Writer offers new chapters on research, enhanced coverage of visual rhetoric including a new appendix on document design, new and enhanced coverage of plagiarism, and more. 
650 |a Viết báo cáo,English language,Report writing,Tiếng Anh 
650 |x Rhetoric,Tu từ học 
904 |i Trọng Hải 
980 |a Trung tâm Học liệu Trường Đại học Cần Thơ